000 00743nam a2200157 a 4500
001 000014586
005 20200929163855.0
008 100115s1932 dr r 000 0 spa d
040 _aDO-SdBNP
_bspa
_cBNPHU
082 _axxxx
_bxxxx
245 0 3 _aLa obra de un renovador :
_bconferencias y disertaciones dictadas por varios distinguidos intelectuales, en la estación radiodifusora H. I. X. de Sto. Domingo, Rep. dominicana.
246 1 4 _aGobierno del general Rafael Leonidas Trujillo Molina hon. presidente de la República Dominicana
260 _aSanto Domingo, :
_bLa Opinión,
_c1932.
300 _a182 p. :
_bil., retr. ;
_c23 cm.
500 _agobierno del general Rafael Leonidas Trujillo Molina hon. presidente de la República Dominicana
999 _c14172
_d14172